top 100 movies of the 2000s according to IMDB - Statistics

General Stats
  • This quiz has been taken 48 times
  • The average score is 29 of 100
Answer Stats
Year Rating Hint Answer % Correct
2008 9.0 Chaos wears a new face… and a sharp grin. The Dark Knight
82%
2003 9.0 The sleeping king rises as shadow spreads. The Lord of the Rings: The Return of the King
79%
2001 8.9 Nine steps toward a golden abyss and damnation. The Lord of the Rings: The Fellowship of the Ring
76%
2010 8.8 The line between dream and reality crumbles layer by layer. Inception
65%
2000 8.5 A chained soul defies the empire in the arena. Gladiator
62%
2014 8.7 Beyond the stars, time is just another barrier. Interstellar
62%
2002 8.8 Two giants stand as the world catches fire. The Lord of the Rings: The Two Towers
59%
2010 8.3 As time passes, toys tremble in waiting. Toy Story 3
59%
2007 8.1 A rat with a royal palate challenges Parisian kitchens. Ratatouille
56%
2012 8.4 The city falls. But even darkness can rise again. The Dark Knight Rises
56%
2008 8.4 A lonely robot finds love among humanity’s remains. WALL-E
56%
2012 8.0 Six heroes, a bond forged in the storm. The Avengers
53%
2017 8.4 A boy chases music through the land of the dead. Coco
50%
2024 8.5 Prophecies dance between dunes and blood. Dune: Part Two
50%
2001 7.9 An ogre shatters fairy tales and finds love in the mud. Shrek
50%
2005 8.2 One trauma, one symbol, and the rise of darkness. Batman Begins
47%
2015 8.1 Even emotions are afraid to grow up. Inside Out
47%
2015 8.1 Madness rides on four wheels through a desert of fire. Mad Max: Fury Road
47%
2009 7.9 Borrowed bodies, souls rooted in a blue jungle. Avatar
44%
2019 8.5 The intruder nests where illusion feels like home. Parasite
44%
2006 8.6 Every trick has a price. Every magic, a sacrifice. The Prestige
44%
2009 8.3 A balloon dream between clouds and tears. UP
44%
2019 8.4 When time bends, the last hope reignites. Avengers: Endgame
41%
2008 7.9 Iron, wit, and redemption built from inside a cave. Iron Man
41%
2019 8.3 A smile is born where society dies. Joker
41%
2000 8.4 Memory is a puzzle with no corners. Memento
41%
2004 8.0 Retired heroes rediscover the power of family. The Incredibles
41%
2016 8.0 An antihero breaks the fourth wall… and every rule. Deadpool
38%
2012 8.5 A fire walks among broken chains and burning justice. Django Unchained
38%
2010 8.1 A dragon changes everything… even a Viking’s heart. How to Train Your Dragon
38%
2001 8.1 Screams power the world… until laughter takes over. Monsters, Inc.
38%
2007 8.2 Oil flows… and with it, ambition that kills. There Will Be Blood
38%
2018 8.4 One gauntlet, six stones, and a halved fate. Avengers: Infinity War
35%
2007 8.2 Fate walks silently with a coin in its pocket. No Country for Old Men
35%
2001 8.6 A forgotten name in a realm of hungry spirits. Spirited Away
35%
2006 8.5 Broken mirrors and double masks in a deadly game. The Departed
35%
2013 8.2 Wealth, excess, and a spiraling descent into frenzy. The Wolf of Wall Street
35%
2013 8.1 Freedom becomes a dream in a land of chains. 12 Years a Slave
32%
2002 8.6 In a shattered paradise, growing up means choosing violence. City of God
32%
2004 8.3 Erase a love… or find it again in oblivion? Eternal Sunshine of the Spotless Mind
32%
2023 8.3 The man who birthed the fire that devoured the world. Oppenheimer
32%
2010 8.2 An island of fog and memories that won’t fade. Shutter Island
32%
2010 8.0 A king finds his voice… through the sound of fear. The King's Speech
32%
2005 8.1 An idea behind a mask sparks the revolution. V for Vendetta
32%
2014 8.5 The rhythm builds… until the heart bursts. Whiplash
32%
2003 8.2 An ocean of anxiety to recover what matters. Finding Nemo
29%
2003 8.2 A blood-soaked bride dances with death. Kill Bill: Vol. 1
29%
2014 8.1 Keys, pastries, and mysteries in a hotel lost in time. The Grand Budapest Hotel
29%
2001 8.2 Genius and madness race through invisible equations. A Beautiful Mind
26%
2001 8.0 A giant rabbit whispers secrets through time's cracks. Donnie Darko
26%
2019 8.1 Speed, pride, and engines pushed to the edge. Ford v Ferrari
26%
2017 8.1 The claw withdraws… but legacy doesn’t bleed quietly. Logan
26%
2003 8.3 Fifteen years locked away… and an unbearable truth. Oldboy
26%
2002 8.1 One step ahead, a new face, and the art of escape. Catch Me if You Can
24%
2016 8.0 Notes, dreams, and a dance between what is and what could’ve been. La La Land
24%
2004 8.1 One punch, one dream, and the will to defy fate. Million Dollar Baby
24%
2006 8.2 A girl finds true monsters… and others hidden in myth. Pan's Labyrinth
24%
2014 8.0 A genius cracks codes… and battles his own silence. The Imitation Game
24%
2015 8.0 The cold doesn’t freeze revenge—it feeds it. The Revenant
24%
2019 8.2 Time is the enemy in a race through trenches and silence. 1917
21%
2010 8.0 Perfection whispers with a cracked voice in the mirror. Black Swan
21%
2006 8.0 Bloody gems light a desperate race. Blood Diamond
21%
2014 8.1 A disappearance reveals the mask of marriage. Gone Girl
21%
2013 8.0 A digital love blooms in the quiet of loneliness. Her
21%
2003 8.1 A cursed pirate seeks redemption through waves and gold. Pirates of the Caribbean: The Curse of the Black Pearl
21%
2000 8.3 Dreams rot in a spiral without waking. Requiem for a Dream
21%
2005 80 Blood, rain, and sin in black, white… and red. Sin City
21%
2000 8.2 Diamonds, fists, and chaos timed to perfection. Snatch
21%
2002 8.5 Notes suspended between ruins and deafening silence. The Pianist
21%
2016 7.9 An alien language rewrites time and grief. Arrival
18%
2008 8.1 A lone growl protects what's left of honor. Gran Torino
18%
2011 8.1 The final battle draws a scar between light and shadow. Harry Potter and the Deathly Hallows: Part 2
18%
2009 8.4 Laughter and vengeance echo in the halls of hate. Inglorious Basterds
18%
2013 8.2 Disappearances, mazes, and the fear that consumes. Prisoners
15%
2018 8.4 Many masks, one fate spun across universes. Spider-Man: Into the Spider-Verse
15%
2021 8.2 Cracks between worlds let familiar faces through. Spider-Man: No Way Home
15%
2011 8.5 Two distant lives touch—and change forever. The Intouchables
15%
2022 8.2 The past roars through the clouds at supersonic speed. Top Gun: Maverick
15%
2017 8.0 False memories, real souls, and rain that never stops. Blade Runner 2049
12%
2006 8.0 A frozen heart cracks at the green table. Casino Royale
12%
2021 8.0 A boy listens to the sand to find his voice Dune: Part One
12%
2018 8.2 One road, two worlds, a friendship against the current. Green Book
12%
2014 8.0 A band of misfits dances through danger and stardust. Guardians of the Galaxy
12%
2004 8.0 Vengeance arrives whispering buried truths. Kill Bill: Vol. 2
12%
2013 8.1 Two wheels, two obsessions, one finish line. Rush
12%
2007 8.0 Freedom calls, but the echo doesn’t always lead home. Into the Wild
9%
2003 7.9 Dark waters flow where innocence drowned. Mystic River
9%
2015 8.1 Truth waits in the margins of a quiet investigation. Spotlight
9%
2006 8.0 Between shelters and dreams, a father chases the light. The Pursuit of Happyness
9%
2001 8.3 Magic hides in the small gestures of Montmartre. Amélie
6%
2016 8.1 A man without weapons saves those all thought lost. Hacksaw Ridge
6%
2007 8.0 Erased identity and enemies everywhere—even in the mirror. The Bourne Ultimatum
6%
2011 8.1 Silenced voices find the courage to be heard. The Help
6%
2015 8.0 A man grows hope where nothing should live. The Martian
6%
2004 7.9 Time, wolves, and secrets revealed beneath a full moon. Harry Potter and the Prisoner of Azkaban
3%
2019 7.9 One house, a thousand blades, and a truth that slips through lies. Knives Out
3%
2011 8.1 Two brothers, one ring, and a war no one wants. Warrior
3%
2008 8.0 Every answer is worth a life. Slumdog Milionaire
0%
2017 8.1 Three messages against a silence that burns. The Billboards Outside Ebbing, Missuri
0%
2016 8.0 A city of animals hides wild truths beneath the fur. Zootropia
0%
No matching quizzes found
Score Distribution
Percent of People with Each Score
Percentile by Number Answered
Your Score History
You have not taken this quiz